Football Teams Éder Played For - Statistics

General Stats
  • This quiz has been taken 14 times
  • The average score is 3 of 5
Answer Stats
League Years Team % Correct
Portugal 2008-2015 SC Braga
92%
Russia 2017-2021 FC Lokomotiv Moscow
67%
England 2015-2016 Swansea City
67%
France 2016-2017 LOSC Lille
50%
Saudi Arabia 2021-2022 Al-Raed SFC
33%
No matching quizzes found
Score Distribution
Percent of People with Each Score
Percentile by Number Answered
Your Score History
You have not taken this quiz